Dark Red Lyrics - Statistics

General Stats
  • This quiz has been taken 54 times
  • The average score is 203 of 246
Answer Stats
Answer % Correct
I
100%
me
100%
me,
100%
to
100%
bad
97%
'bout
97%
don't
97%
Don't
97%
happen
97%
just
97%
just,
97%
so
97%
Something
97%
feel
93%
is
93%
you
93%
you,
93%
babe
90%
be
90%
know
90%
my
90%
want
90%
comin'
87%
girl,
87%
it
87%
leave
87%
up,
87%
up
87%
but
83%
darling,
83%
darling
83%
On
83%
only
83%
Only
83%
please
83%
What
83%
give
80%
she
80%
baby
77%
Might
77%
might
77%
and
73%
And
73%
sad,
70%
belong
67%
running
67%
with
67%
her
63%
hope
63%
nose
63%
far
60%
for
60%
if
57%
if,
57%
she's
57%
that's
57%
fine?
53%
fine
53%
long
53%
too
53%
Why
53%
crazy
50%
Linger
50%
thoughts
50%
It's
47%
let
47%
this
47%
wrong
47%
drives
43%
maybe
43%
mind
43%
of
43%
think
43%
way,
43%
much,
40%
No matching quizzes found
Score Distribution
Percent of People with Each Score
Percentile by Number Answered
Your Score History
You have not taken this quiz